000
002350000a22001210004500
041
0
_a
EspaƱol
082
0
4
_a
CD 077
110
1
_a
Universal
245
1
0
_a
Rondas infantiles / Universal
505
0
0
_a
Rondas
001
1187
942
_c
LGB
999
_c
48361
_d
48361